Análisis multivariante: métodos estadísticos multivariantes para la investigación

Saved in:
Bibliografiske detaljer
Hovedforfatter: Véliz Capuñay, Carlos (Author)
Format: Bog
Sprog:spansk
Udgivet: Ciudad de México Cengage Learning 2016
Udgivelse:1a. ed
Fag:
Online adgang:trapa
Tags: Tilføj Tag
Ingen Tags, Vær først til at tagge denne postø!

MARC

LEADER 00000cam a2200000 a 4500
001 UCC8608
003 CL-VaPUC
005 20240104151322.0
008 190725e20160000mx |||||||||||||||||spa|d
020 |a 9789873889196 
040 |c Pontificia Universidad Católica de Valparaíso 
082 0 4 |a 519.535  |b VEL  |2 21 
100 0 |a Véliz Capuñay, Carlos  |e author  |9 603307 
245 1 0 |a Análisis multivariante: métodos estadísticos multivariantes para la investigación 
250 |a 1a. ed 
260 |a Ciudad de México  |b Cengage Learning  |c 2016 
300 |a 196 p 
583 |a last modification  |c 20190725 22:41:00  |k Rodrigo Vera 
650 0 |a Análisis multivariable  |9 346260 
650 0 |a Análisis estadístico  |9 269506 
856 7 |f UCC8608_01.jpg  |u http://opac.pucv.cl/pucv_img/Img-8500/UCC8608_01.jpg  |q JEPG  |2 file  |z trapa 
942 |c BK 
945 |d 20190725 22:41:00  |a dcastane 
999 |c 374882  |d 374880 
952 |0 0  |1 0  |3 erb  |4 0  |6 519_535000000000000_VEL_2016  |7 0  |8 A  |9 493640  |a BIBING  |b BIBING  |i 5556236  |o 519.535 VEL 2016  |p 5556236  |r 2025-01-20  |w 2019-11-24  |y BK  |z Catalogado en:20190725  |k TRA